[Event "El Salvador Prokuriza Cup"]
[Site "El Salvador"]
[Date "2017.06.26"]
[Round "7"]
[White "Cristian, Andrei"]
[Black "Alfaro Ramos, Victor"]
[Result "1/2-1/2"]
[WhiteElo "2021"]
[BlackElo "2046"]
[PlyCount "110"]
[EventDate "2017.06.23"]
[EventType "tourn"]
[EventRounds "7"]
[EventCountry "CHI"]
[SourceTitle "CBM 179 Extra"]
[Source "ChessBase"]
[SourceDate "2017.08.23"]
[SourceVersion "1"]
[SourceVersionDate "2017.08.23"]
[SourceQuality "1"]

1. e4 c5 2. Nc3 a6 3. g3 d6 4. Nge2 Nf6 5. Bg2 e5 6. a4 Be7 7. 0-0 Nc6 8. d3 0-0 9. h3 Rb8 10. f4 Nd4 11. fxe5 dxe5 12. g4 Ne8 13. Ng3 Bg5 14. Nf5 Bxc1 15. Qxc1 Nc7 16. Kh2 Be6 17. Rf2 f6 18. Qd2 Kh8 19. Raf1 Bd7 20. b3 Nce6 21. Nd5 Nxf5 22. gxf5 Nc7 23. Nxc7 Qxc7 24. Rf3 Bc6 25. Rg3 b5 26. axb5 axb5 27. Rg1 Ra8 28. Bf3 Rg8 29. Qg2 Be8 30. Rg4 g5 31. fxg6 Rxg6 32. Qg3 Qg7 33. Qf2 Qe7 34. Qh4 Kg7 35. Qg3 Bf7 36. h4 Kh8 37. Rxg6 hxg6 38. Bh5 Rg8 39. Bd1 f5 40. Qg5 Qxg5 41. Rxg5 fxe4 42. Rxe5 exd3 43. cxd3 Rc8 44. Kg3 Rd8 45. Re3 Rd4 46. Rf3 Kg7 47. Bc2 Rb4 48. Rf4 Rxf4 49. Kxf4 Kf6 50. Ke4 Ke6 51. d4 Kd6 52. dxc5+ Kxc5 53. Ke5 Kb4 54. Kf6 Bxb3 55. Bxg6 Bd1 1/2-1/2

[Event "El Salvador Prokuriza Cup"]
[Site "El Salvador"]
[Date "2017.06.25"]
[Round "4"]
[White "Alfaro Ramos, Victor"]
[Black "Mesias Rojas, Rabindranath"]
[Result "0-1"]
[WhiteElo "2046"]
[BlackElo "2241"]
[PlyCount "100"]
[EventDate "2017.06.23"]
[EventType "tourn"]
[EventRounds "7"]
[EventCountry "CHI"]
[SourceTitle "CBM 179 Extra"]
[Source "ChessBase"]
[SourceDate "2017.08.23"]
[SourceVersion "1"]
[SourceVersionDate "2017.08.23"]
[SourceQuality "1"]

1. e4 g6 2. d4 c6 3. Nc3 d5 4. Nf3 Bg7 5. Bd3 Bg4 6. exd5 cxd5 7. 0-0 Nc6 8. h3 Bxf3 9. Qxf3 e6 10. Re1 Nge7 11. Ne2 Nxd4 12. Nxd4 Bxd4 13. Bh6 Nc6 14. Qg3 Qf6 15. Qc7 Qe7 16. Qg3 Bb6 17. c4 Bc7 18. Qe3 d4 19. Qe4 0-0-0 20. Bd2 e5 21. g4 Rhf8 22. g5 f5 23. gxf6 Qxf6 24. Qg2 Qf3 25. Be4 Qxg2+ 26. Kxg2 Ne7 27. Bg5 Rde8 28. b4 Nf5 29. c5 h6 30. Bd2 Nh4+ 31. Kg3 Nf3 32. Red1 g5 33. a4 h5 34. Ra3 g4 35. hxg4 hxg4 36. b5 Bd8 37. a5 Bh4+ 38. Kxg4 Nxd2 39. Rxd2 Rf4+ 40. Kh3 Rxe4 41. a6 Bd8 42. axb7+ Kb8 43. Rg3 Kxb7 44. Ra2 Rh4+ 45. Kg2 Rh7 46. Ra6 e4 47. Rga3 Kb8 48. b6 d3 49. bxa7+ Ka8 50. Rc6 Rg8+ 0-1

[Event "El Salvador Prokuriza Cup"]
[Site "El Salvador"]
[Date "2017.06.24"]
[Round "2"]
[White "Alfaro Ramos, Victor"]
[Black "Perez Gormaz, Matias Ariel"]
[Result "0-1"]
[WhiteElo "2046"]
[BlackElo "2379"]
[PlyCount "84"]
[EventDate "2017.06.23"]
[EventType "tourn"]
[EventRounds "7"]
[EventCountry "CHI"]
[SourceTitle "CBM 179 Extra"]
[Source "ChessBase"]
[SourceDate "2017.08.23"]
[SourceVersion "1"]
[SourceVersionDate "2017.08.23"]
[SourceQuality "1"]

1. e4 g6 2. d4 Bg7 3. Nc3 d6 4. Bg5 a6 5. Qd2 b5 6. f4 Bb7 7. 0-0-0 Nd7 8. e5 h6 9. Bh4 g5 10. Bf2 gxf4 11. Nf3 dxe5 12. dxe5 Bxf3 13. gxf3 Bxe5 14. Bh3 e6 15. Rhe1 Qe7 16. Qe2 Bxc3 17. bxc3 Ngf6 18. Kb1 0-0-0 19. Bd4 Nc5 20. Ka1 Na4 21. Qe5 Qa3 22. Rb1 Rxd4 23. Rb3 Qd6 24. cxd4 Qxe5 25. dxe5 Nd5 26. Bf1 Ne3 27. Bd3 Rg8 28. Rbb1 Rg2 29. Rbc1 Kd7 30. Rg1 Rxh2 31. Rh1 Rf2 32. Rxh6 Rxf3 33. Rh7 Ke8 34. Rh8+ Ke7 35. Be4 Rf2 36. Rc8 c5 37. a3 Nc4 38. Bc6 Nxe5 39. Bb7 Nc4 40. Rd1 Rxc2 41. Rc7+ Kf6 42. Be4 Rc3 0-1